000 00667nam a22002297a 4500
003 GBCCL
005 20250224144421.0
008 250224b |||||||| |||| 00| 0 eng d
020 _a9789351486282
020 _a9351486281
040 _cGBC
082 _a492.4
_bBAB 1
100 _aBabu ,P. Rajendra
245 _aIntroduction to Biblical Hebrew /
_cP. Rajendra Babu
260 _aDelhi,
_bChristian World Imprints,
_c2022
300 _aviii, 221 pages ;
_b23 cm
650 _a Bible.
_vOld Testament
650 _aBible.
_vOld Testament
_xLanguage, style
650 _aHebrew language
650 _aHebrew language
_vGrammar
942 _2ddc
_cLAN
_n0
999 _c10643
_d10643